| 000 | 00504nam a22001577a 4500 | ||
|---|---|---|---|
| 999 |
_c5829 _d5829 |
||
| 008 | 171020b xxu||||| |||| 00| 0 eng d | ||
| 020 | _a0-07-255523-8 | ||
| 082 | _a301 FRE | ||
| 100 | _aFREGUSON, S. J | ||
| 245 |
_aMapping the Social Landscape _bReadings in Socialogy _cSusan J. Ferguson |
||
| 250 | _a3rd ed | ||
| 260 |
_aNew York _bMcGraw-Hill _c2002 |
||
| 300 |
_a667p _c24cm |
||
| 650 | _21. Social Instruction 2. Socialization 3. Equality 4. Social Change 5. Sociology | ||
| 942 |
_2ddc _cBOOKS |
||